• 首页
  • 本馆介绍
  • 公告通知
  • 最新文献
  • 馆藏检索
  • 电子资源
  • 读者导购
  • 参考咨询
  • 我的图书馆
  • 登录
  • 详细信息显示
  • 放入我的书架
  • 预约/预借图书
  • 作者相关作品
  • 分类相关作品
  • 丛书相关作品
  • 出版社相关作品

书目信息

  • 表格格式
  • 工作单格式
  • 卡片格式
题名:
中国古今书画拍卖精品集成
    
 
作者:
分册:   清代宫廷画
出版信息: 天津   天津人民美术出版社  2006
页数: 205页
开本: 21cm
丛书名:
单 册:
中图分类: F724.787-64 , J222.49
科图分类:
主题词: 法书--拍卖--价格--中国--图录 , 花鸟画--拍卖--价格--中国--图录 , 花鸟画--中国--清代--画册 , 中国画 , 拍卖 , 价格 , 法书 , 花鸟画 , 中国画--拍卖--价格--中国--图录
电子资源:
ISBN: 7-5305-3181-6
000 00923nam0 2200313 450
001 003074626
005 20070803111034.06
010    @a7-5305-3181-6@dCNY60.00
100    @a20060213d2006 em y0chiy0110 ea
101 0  @achi
102    @aCN@b120000
105    @aa z 001yd
200 1  @a中国古今书画拍卖精品集成@9zhong guo gu jin shu hua pai mai jing pin ji cheng@i清代宫廷画@i花鸟
210    @a天津@c天津人民美术出版社@d2006
215    @a205页@d21cm
330    @a本书收查士标、吴历、杨晋、杨鼎之等清代宫廷花鸟画作。
606 0  @a法书@x拍卖@x价格@y中国@j图录
606 0  @a花鸟画@x拍卖@x价格@y中国@j图录
606 0  @a花鸟画@y中国@z清代@j画册
606 0  @a中国画
606 0  @a拍卖
606 0  @a价格
606 0  @a法书
606 0  @a花鸟画
606 0  @a中国画@x拍卖@x价格@y中国@j图录
690    @aF724.787-64@v4
690    @aJ222.49@v4
801  0 @aCN@bNLC@c20070803
905    @a10447@dF724.787-64@e50
    
    中国古今书画拍卖精品集成.清代宫廷画.花鸟.-天津:天津人民美术出版社,2006
    205页;21cm
    
    
    ISBN 7-5305-3181-6:CNY60.00
    本书收查士标、吴历、杨晋、杨鼎之等清代宫廷花鸟画作。
●
相关链接 在E读中查询图书 在五车中查询图书 在当当中查询图书 在豆瓣中查询图书


正题名:中国古今书画拍卖精品集成     索取号:F724.787-64/50         预约/预借

序号 登录号 条形码 馆藏地/架位号 状态 备注
1 0801310   208013102   第一样本阅览室/ [索取号:F724.787-64/50] 在馆    
2 0801311   208013111   第一借阅区/ [索取号:F724.787-64/50] 在馆    
3 0801312   208013120   第一借阅区/ [索取号:F724.787-64/50] 在馆    
4 0801313   208013139   密集书库/ [索取号:F724.787-64/50] 在馆    
5 0801314   208013148   密集书库/ [索取号:F724.787-64/50] 在馆    
6 0801315   208013157   第一借阅区/ [索取号:F724.787-64/50] 在馆    
7 0801316   208013166   密集书库/ [索取号:F724.787-64/50] 在馆    
8 0801317   208013175   密集书库/ [索取号:F724.787-64/50] 在馆    
9 0801318   208013184   第一借阅区/ [索取号:F724.787-64/50] 在馆    
10 0801319   208013193   第一借阅区/ [索取号:F724.787-64/50] 在馆    
唐山师范学院图书馆 欢迎您!
大连网信软件有限公司© 版权所有